Normal view
MARC view
Entry Topical Term
001 - CONTROL NUMBER
- control field: 8550
003 - CONTROL NUMBER IDENTIFIER
- control field: BD-RjUL
005 - DATE AND TIME OF LATEST TRANSACTION
- control field: 20230824123739.0
008 - FIXED-LENGTH DATA ELEMENTS
- fixed length control field: 230824|| aca||aabn | a|a d
040 ## - CATALOGING SOURCE
- Original cataloging agency: BD-RjUL
- Transcribing agency: BD-RjUL
150 ## - HEADING--TOPICAL TERM
- Form subdivision: Biography Biographies
- Geographic subdivision: India
670 ## - SOURCE DATA FOUND
- Source citation: Work cat.: (BD-RjUL)81766: Ram, Malik, ;; رام, مالک 1908-1993 8549, تذکرۂ معاصرىن : 1974 اور 1975 مىں وفات پانے والے ادبا کے حالات اور کلام 3 Taz̲kirah-yi maʻāṣirīn : 1974 aur 1975 men̲ vafāt pāne vāle udabā ke ḥālāt aur kalām 3 /, 1978